Theory of Pastor's wife (Record no. 9520)

MARC details
000 -LEADER
fixed length control field 00433nam a22001697a 4500
003 - CONTROL NUMBER IDENTIFIER
control field GBCCL
005 - DATE AND TIME OF LATEST TRANSACTION
control field 20241126110713.0
008 - FIXED-LENGTH DATA ELEMENTS--GENERAL INFORMATION
fixed length control field 230221b ||||| |||| 00| 0 eng d
040 ## - CATALOGING SOURCE
Transcribing agency gbc
082 ## - DEWEY DECIMAL CLASSIFICATION NUMBER
Classification number 253.22
Item number HUN
100 ## - MAIN ENTRY--PERSONAL NAME
Personal name Hung-Whan, D D Kim
9 (RLIN) 16573
245 ## - TITLE STATEMENT
Title Theory of Pastor's wife
260 ## - PUBLICATION, DISTRIBUTION, ETC.
Place of publication, distribution, etc. South Korea :
Name of publisher, distributor, etc. Life & Power press,
Date of publication, distribution, etc. 2005
300 ## - PHYSICAL DESCRIPTION
Extent 132p. ;
650 ## - SUBJECT ADDED ENTRY--TOPICAL TERM
Topical term or geographic name entry element Spouses of clergy
9 (RLIN) 4388
942 ## - ADDED ENTRY ELEMENTS (KOHA)
Source of classification or shelving scheme Dewey Decimal Classification
Koha item type Books
Koha issues (borrowed), all copies 2
Holdings
Withdrawn status Lost status Source of classification or shelving scheme Damaged status Not for loan Home library Current Library Shelving location Date acquired Total checkouts Full call number Barcode Date last seen Date last checked out Copy number Price effective from Koha item type
    Dewey Decimal Classification     GRACE BIBLE COLLEGE GRACE BIBLE COLLEGE Ministry & Mission 2023-02-21 2 253.22 HUN 015914 2025-05-01 2023-09-02 c.1 2023-02-21 Books
© Grace Bible College Library 2025